000 03702nkm0a2200577 4500
001 RU\NLR\BIBL_A\011392170
005 20260407220452.0
035 _a(NLR Aleph) 011392170
071 5 0 _a83
_d20 коп.
_926000
090 _a13414687
_c13414687
100 _a20170524d1933 |||y0rusy50 ca
101 0 _arus
102 _aRU
116 _adiycxx zz ae
135 _acrcn 024anaba
200 1 _aКрым
_iЛивадия
_iБеседка в парке
_bИзоматериал
_eпочтовая карточка
210 _aСимферополь
_cКрымгосиздат
_d[1933?]
_eЛенинград
_gТип. им. Володарского
215 _a1 л.
_cцв. фотомех. печ.
_d14,9х10,4
300 _aНа адрес. стороне изд. марка: "Крым ГИЗ"
300 _aЦенз. разрешение: Ленгорлит № 7598
300 _aВ вып. дан.: Зак. № 1036
301 _aИзд. номер: № 83
316 _aЭкз. РНБ на шифре Э ОТ63/Л554, инв.67821: 14,8х10,3 см
_5NLR: Э ОТ63/Л554
316 _aЭкз. РНБ на шифре Э ОТ63/Л554, Э0104837: 14,7х10,2 см. На адрес. стороне владел. штемпель: "Н. Тагрин 1934 г."
_5NLR: Э ОТ63/Л554
325 1 _aКопия доступна в электронной библиотеке РНБ
606 1 _aПочтовые открытки маркированные художественные
_yСССР
_z1917 - 1941
_92195712
_3RU\NLR\AUTH\6601555037
606 1 _aПарки
_jОткрытки
_yКрым
_91459612
_3RU\NLR\AUTH\66619143
606 1 _aБеседки
_jОткрытки
_92239984
_3RU\NLR\AUTH\661344153
607 _aЛивадия, поселок городского типа (Крым)
_jОткрытки
_91479797
_3RU\NLR\AUTH\66629427
610 1 _aВидовые открытки
617 _aСССР
_bКрымская АССР
_dЛивадия
_eПарк
_eБеседка
617 _mКрым, полуостров
686 0 _aЩ153(2)7-489
702 1 _4390
_aТагрин
_bН.С.
_f1907-1981
_gНиколай Спиридонович
_9134320
_3RU\NLR\AUTH\770134354
712 0 2 _4650
_aГосударственное издательство Крымской АССР
_3RU\NLR\AUTH\8810146975
_9788467
712 0 2 _4610
_aТипография им. Володарского
_cЛенинград
_3RU\NLR\AUTH\8810047123
_9594031
830 _aОткрытка датирована по экз. РНБ на шифре Э ОТ63/Л554, инв.67820: на адресной стороне штамп, содержащий год поступления в РНБ: "Г. П. Б. в Лнгр. Ц. 1933 г. Акт №". А.Я. ОЭст
852 0 0 _aNLR
_bЭ
_jОТ63/Л554
_mинв.67820
852 0 0 _aNLR
_bЭ
_jОТ63/Л554
_mинв.67821
852 0 0 _aNLR
_bЭ
_jОТ63/Л554
_mЭ0104837
901 _eИзографические материалы
942 _cVISUAL
980 _aCrimea
980 _aNB
981 4 8 _a(48) Крым: история в документах
981 2 2 _a(22) Материалы по истории России
_b(22) Территория
981 2 2 _a(22) Материалы по истории России
_b(22) История России с 25 октября (7 ноября) 1917 года
981 1 7 _a(17) Изографические материалы
_b(17) Открытки